Pick the Greek / Roman Gods Quiz Stats

 Plays Quiz not verified by Sporcle

Score 0/21 Timer 05:00
1 Play Today
% Correct
Zeus
87.5%
Sphinx
85.1%
Poseidon
83.3%
Castor and Pollux
82.4%
Hermes
77.4%
Ares
76.5%
Aphrodite
75.1%
Cerberus
73.3%
Hera
73%
Griffin
72.2%
Hades
70.9%
% Correct
Dionysus
59%
Eros
58.9%
Psyche
56.1%
Janus
54.6%
Athena
53.4%
Hephaestus
48.4%
Apollo
41%
Artemis
34.3%
Hedone
30.8%
Demeter
29.7%

You're not logged in!

Compare scores with friends on all Sporcle quizzes.
OR
Log In

Sporcle TV

Today on Sporcle TV


Watch our educational content, quiz creation guides, and fun videos on Sporcle TV.

Show Comments

Extras

Top Quizzes Today


Score Distribution

Your Account Isn't Verified!

In order to create a playlist on Sporcle, you need to verify the email address you used during registration. Go to your Sporcle Settings to finish the process.

Report this User

Report this user for behavior that violates our Community Guidelines.

Details: